| 000 | 00600nam a2200145Ia 4500 | ||
|---|---|---|---|
| 008 | 171212s9999 xx 000 0 und d | ||
| 020 | _a9781921666568 | ||
| 100 | _aConnery, David | ||
| 245 |
_cConnery, David _aCrisis Policymaking _bAustralia and the East Timor Crisis of 1999 |
||
| 260 |
_bANU E Press _c2010 |
||
| 440 | _aStrategic and Defence Studies Centre (SDSC) | ||
| 650 | _aAustralia -- Politics and government; Australia -- Foreign relations -- Timor-Leste; Timor-Leste -- Foreign relations -- Australia | ||
| 650 | _aPolitical Science | ||
| 856 | _uwww.jstor.org/stable/10.2307/j.ctt24h2x8 | ||
| 999 |
_c351058 _d351058 |
||